| 000 | 00595nam a22001697a 4500 | ||
|---|---|---|---|
| 005 | 20260303120040.0 | ||
| 008 | 260303b |||||||| |||| 00| 0 eng d | ||
| 040 | _cVITAP | ||
| 082 |
_223 _a658 RAV |
||
| 100 |
_aRavi, N Ed. _917173 |
||
| 245 |
_aThe Hindu Speaks on Management Volume I _c/ N. Ravi Ed. |
||
| 260 |
_aChennai _bKasturi & Sons Ltd. _c2000 |
||
| 300 | _avii, 383p, .: 21cm | ||
| 500 | _aIt include index pages | ||
| 650 | 0 |
_aLeadership & Managerial Effectiveness, Business Strategy, Corporate Governance, Human Resource Management, Entrepreneurship etc. _917174 |
|
| 942 |
_2ddc _cREF |
||
| 999 |
_c47313 _d47313 |
||